Jardines de arena (Record no. 10942)

MARC details
000 -CABECERA
campo de control de longitud fija 01830nam a22004457a 4500
001 - NÚMERO DE CONTROL
campo de control BRCA_9320
003 - IDENTIFICADOR DEL NÚMERO DE CONTROL
campo de control FranzMayer
005 - FECHA Y HORA DE LA ÚLTIMA TRANSACCIÓN
campo de control 20230918115800.0
008 - DATOS DE LONGITUD FIJA--INFORMACIÓN GENERAL
campo de control de longitud fija 230823b |||||||| |||| 00| 0 eng d
020 ## - NÚMERO INTERNACIONAL ESTÁNDAR DEL LIBRO
Número Internacional Estándar del Libro 9788475068961
040 ## - FUENTE DE LA CATALOGACIÓN
Centro catalogador/agencia de origen MFM
Lengua de catalogación esp
Centro/agencia transcriptor MFM
050 #0 - SIGNATURA TOPOGRÁFICA DE LA BIBLIOTECA DEL CONGRESO
Número de clasificación TR145.M628
Número de documento/Ítem .N37 2010
100 1# - ENTRADA PRINCIPAL--NOMBRE DE PERSONA
Código de función/relación Autor
Nombre de persona Nassar, Issam
9 (RLIN) 29076
240 ## - TÍTULO UNIFORME
Título uniforme Jardines de arena
Medio Fotografía comercial en Oriente Próximo 1859-1905
Lenguaje de la obra Español
245 0# - MENCIÓN DE TÍTULO
Título Jardines de arena
Resto del título Fotografía comercial en Oriente Próximo 1859-1905
260 ## - PUBLICACIÓN, DISTRIBUCIÓN, ETC.
Lugar de publicación, distribución, etc. México
Nombre del editor, distribuidor, etc. Turner
Fecha de publicación, distribución, etc. 2010
300 ## - DESCRIPCIÓN FÍSICA
Extensión 140 p
Otras características físicas Ilustraciones a color
Dimensiones 29 cm
500 ## - NOTA GENERAL
Nota general Anexo 1
500 ## - NOTA GENERAL
Nota general Cubierta en pasta dura y una cubierta de papel que la envuelve
505 ## - NOTA DE CONTENIDO CON FORMATO
Nota de contenido con formato Texto en: españolTraducido del: inglésIncluye índice temáticoIncluye índice bibliográfico de los fotógrafos cuyas fotos aparecen en el libroDirigido a: fotógrafos, historiadores, trotamundos, arqueólogos.
650 1# - PUNTO DE ACCESO ADICIONAL DE MATERIA--TÉRMINO DE MATERIA
Fuente del encabezamiento o término Fotografía
Término de materia o nombre geográfico como elemento de entrada Siglo XIX
Subdivisión de forma Década de 1850
9 (RLIN) 29077
651 2# - PUNTO DE ACCESO ADICIONAL DE MATERIA--NOMBRE GEOGRÁFICO
Fuente del encabezamiento o término Fotografía
Nombre geográfico Oriente Próximo
9 (RLIN) 29078
700 1# - PUNTO DE ACCESO ADICIONAL--NOMBRE DE PERSONA
Código de función/relación Autor
Nombre de persona Almárcegui, Patricia
9 (RLIN) 29079
700 1# - PUNTO DE ACCESO ADICIONAL--NOMBRE DE PERSONA
Código de función/relación Autor
Nombre de persona Worswick, Clark
9 (RLIN) 29080
700 1# - PUNTO DE ACCESO ADICIONAL--NOMBRE DE PERSONA
Código de función/relación Trad.
Nombre de persona Lorés, Maite
9 (RLIN) 29081
700 1# - PUNTO DE ACCESO ADICIONAL--NOMBRE DE PERSONA
Código de función/relación Fot.
Nombre de persona Al-Ghaffar, Abd
9 (RLIN) 29082
700 1# - PUNTO DE ACCESO ADICIONAL--NOMBRE DE PERSONA
Código de función/relación Fot.
Nombre de persona Freres, Abdullah
9 (RLIN) 29083
700 1# - PUNTO DE ACCESO ADICIONAL--NOMBRE DE PERSONA
Código de función/relación Fot.
Nombre de persona Sulayman, Al-Hakin
9 (RLIN) 29084
700 1# - PUNTO DE ACCESO ADICIONAL--NOMBRE DE PERSONA
Código de función/relación Fot.
Nombre de persona Emile, Béchard
9 (RLIN) 29085
700 1# - PUNTO DE ACCESO ADICIONAL--NOMBRE DE PERSONA
Código de función/relación Fot.
Nombre de persona Maison, Berggren
9 (RLIN) 29086
700 1# - PUNTO DE ACCESO ADICIONAL--NOMBRE DE PERSONA
Código de función/relación Fot.
Nombre de persona Hild Ullin, Guillaume
9 (RLIN) 29087
700 1# - PUNTO DE ACCESO ADICIONAL--NOMBRE DE PERSONA
Código de función/relación Fot.
Nombre de persona Joseph, David
9 (RLIN) 29088
700 1# - PUNTO DE ACCESO ADICIONAL--NOMBRE DE PERSONA
Código de función/relación Fot.
Nombre de persona Maison, Bonfils
9 (RLIN) 29089
700 1# - PUNTO DE ACCESO ADICIONAL--NOMBRE DE PERSONA
Código de función/relación Fot.
Nombre de persona Francis Jr, Frith
9 (RLIN) 29090
700 1# - PUNTO DE ACCESO ADICIONAL--NOMBRE DE PERSONA
Código de función/relación Fot.
Nombre de persona Maison, Garrigues
9 (RLIN) 29091
700 1# - PUNTO DE ACCESO ADICIONAL--NOMBRE DE PERSONA
Código de función/relación Fot.
Nombre de persona Frank Mason, Good
9 (RLIN) 29092
700 1# - PUNTO DE ACCESO ADICIONAL--NOMBRE DE PERSONA
Código de función/relación Fot.
Nombre de persona Wilhelm, Hammerschmidt
9 (RLIN) 29093
700 1# - PUNTO DE ACCESO ADICIONAL--NOMBRE DE PERSONA
Código de función/relación Fot.
Nombre de persona Otto, Schoefft
9 (RLIN) 29094
942 ## - ELEMENTOS DE PUNTO DE ACCESO ADICIONAL (KOHA)
Fuente del sistema de clasificación o colocación Library of Congress Classification
Tipo de ítem Koha Libros
Holdings
Estado de retiro Estado de pérdida Fuente del sistema de clasificación o colocación Estado dañado No para préstamo Localización permanente Ubicación/localización actual Fecha de adquisición Total de préstamos Signatura topográfica completa Código de barras Fecha visto por última vez Precio válido a partir de Tipo de ítem Koha
El ejemplar forma parte de la colección y puede ser consultado según las políticas vigentes.   Library of Congress Classification     Biblioteca del Museo Franz Mayer (Rogerio Casas-Alatriste) Biblioteca del Museo Franz Mayer (Rogerio Casas-Alatriste) 23/08/2023   TR145.M628 .N37 2010 CONT10075 23/08/2023 23/08/2023 Libros